Al desnudo / (Registro nro. 6557)
[ vista simple ]
| 000 -LEADER | |
|---|---|
| fixed length control field | 01460nam a22002537a 4500 |
| 003 - CONTROL NUMBER IDENTIFIER | |
| control field | OSt |
| 005 - DATE AND TIME OF LATEST TRANSACTION | |
| control field | 20250702091927.0 |
| 008 - FIXED-LENGTH DATA ELEMENTS--GENERAL INFORMATION | |
| fixed length control field | 200219b2016 ck oc||er|||| 000 pdspa d |
| 020 ## - INTERNATIONAL STANDARD BOOK NUMBER | |
| International Standard Book Number | 9789580613435 |
| 040 ## - CATALOGING SOURCE | |
| Original cataloging agency | CO-JMCR |
| Transcribing agency | CO-JMCR |
| 082 04 - DEWEY DECIMAL CLASSIFICATION NUMBER | |
| Classification number | A-P |
| Item number | PONa |
| 100 1# - MAIN ENTRY--PERSONAL NAME | |
| Personal name | Ponce, Fermina, |
| Relator term | autora |
| 9 (RLIN) | 745 |
| 245 10 - TITLE STATEMENT | |
| Title | Al desnudo / |
| Statement of responsibility, etc. | Fernima Ponce ; prologo, Carlos García Ruiz ; Fotografías, Pablo Salgado Barrientos |
| 250 ## - EDITION STATEMENT | |
| Edition statement | 1a. edición |
| 260 ## - PUBLICATION, DISTRIBUTION, ETC. | |
| Place of publication, distribution, etc. | Bogotá : |
| Name of publisher, distributor, etc. | Oveja negra, |
| Date of publication, distribution, etc. | 2016 |
| 300 ## - PHYSICAL DESCRIPTION | |
| Extent | 82 páginas : |
| Other physical details | retratos y fotografías a blanco y negro ; |
| Dimensions | 23 cm. |
| 500 ## - GENERAL NOTE | |
| General note | Incluye datos biográficos del autor en solapa frontal. |
| 505 0# - FORMATTED CONTENTS NOTE | |
| Formatted contents note | Equinoccio -- Espacio -- Mentiras -- Piel -- Historia de un ensueño -- La otra y yo no -- Sobre tu hombro derecho -- Secretos -- Imágenes -- Simple Inventario de habitación vacía -- La nada -- Breve -- De regreso -- El hotel de la ópera -- La muerte -- El café de san telmo -- Zapatos -- El piano -- La caricia -- A cuenta gotas -- Añoranza -- Léeme -- El reloj -- Sin palabras -- Momentos -- En el sofá anaranjado -- La mirada -- El regalo -- Devolución numero 33 -- Esas... -- Usted -- Hay besos -- Enredados -- Conmoción -- Epicentro -- Es mejor rota -- Al desnudo |
| 650 14 - SUBJECT ADDED ENTRY--TOPICAL TERM | |
| Topical term or geographic name entry element | Poesía |
| General subdivision | desnudo |
| 9 (RLIN) | 746 |
| 650 14 - SUBJECT ADDED ENTRY--TOPICAL TERM | |
| Topical term or geographic name entry element | Poesía |
| Geographic subdivision | Colombiana |
| 9 (RLIN) | 747 |
| 700 1# - ADDED ENTRY--PERSONAL NAME | |
| Personal name | García Ruiz, Carlos, |
| Relator term | Prologuista |
| 9 (RLIN) | 748 |
| 700 1# - ADDED ENTRY--PERSONAL NAME | |
| Personal name | Salgado Barrientos, Pablo, |
| Relator term | fotógrafo |
| 9 (RLIN) | 749 |
| 942 ## - ADDED ENTRY ELEMENTS (KOHA) | |
| Source of classification or shelving scheme | Dewey Decimal Classification |
| Koha item type | Books |
| Withdrawn status | Lost status | Source of classification or shelving scheme | Damaged status | Not for loan | Home library | Current library | Shelving location | Date acquired | Source of acquisition | Cost, normal purchase price | Total Checkouts | Total Renewals | Full call number | Barcode | Date last seen | Date last checked out | Copy number | Price effective from | Koha item type |
|---|---|---|---|---|---|---|---|---|---|---|---|---|---|---|---|---|---|---|---|
| Dewey Decimal Classification | Biblioteca Pública José María del Castillo y Rada | Biblioteca Pública José María del Castillo y Rada | Processing Center | 12/19/2019 | Donación | 0.00 | 3 | 1 | A-P PONa | 201809756 | 06/16/2025 | 06/13/2025 | Ej.1 | 02/19/2020 | Books |